| 000 | 00406cam a2200169ua 4500 | ||
|---|---|---|---|
| 041 |
_aeng _h |
||
| 082 |
_a823.308 _bBRO/JA |
||
| 100 | _aBronte, Charlotte . | ||
| 245 |
_aJane Eyre / _cCharlotte Bronte. _hTextual Documents |
||
| 260 |
_aLondon : _bBlackie & Son Ltd , _c1961. |
||
| 300 | _a548 ; . | ||
| 504 | _a | ||
| 942 | _cBK | ||
| 999 |
_c2526 _d2526 |
||